Loading...
Islam at the cross roads/
| Main Author: | |
|---|---|
| Format: | Printed Book |
| Language: | English |
| Published: |
Delhi:
Noor Publishing House,
1987.
|
| LEADER | 00457nam a2200121Ia 4500 | ||
|---|---|---|---|
| 008 | 111205s9999 xx 000 0 eng d | ||
| 100 | |a Mohammad Asad | ||
| 245 | |a Islam at the cross roads/ |c Mohammad Asad | ||
| 260 | |b Noor Publishing House, |a Delhi: |c 1987. | ||
| 300 | |a 160p. | ||
| 942 | |c BK |2 ddc | ||
| 999 | |c 217862 |d 217862 | ||
| 952 | |0 0 |1 0 |4 0 |6 E_297_000000000000000_MUH_I |7 0 |9 240771 |a MAL |b MAL |c ST1 |d 1973-12-18 |g 35.00 |l 0 |o E 297 MUH/I |p MAL20802 |r 2015-04-13 |v 35.00 |w 2018-08-20 |y BK | ||